[Event "Liptovsky Mikulas CupT U20"]
[Site "Liptovsky Mikulas"]
[Date "2016.06.25"]
[Round "7.3"]
[White "Grimm, Balazs"]
[Black "Fortiak, Samuel"]
[Result "1-0"]
[WhiteElo "1566"]
[BlackElo "1503"]
[PlyCount "75"]
[EventDate "2016.06.21"]
[EventType "team-swiss"]
[EventRounds "8"]
[EventCountry "SVK"]
[SourceTitle "CBM 173 Extra"]
[Source "ChessBase"]
[SourceDate "2016.08.29"]
[SourceVersion "1"]
[SourceVersionDate "2016.08.29"]
[SourceQuality "1"]
[WhiteTeam "Budapest EAC (U20)"]
[BlackTeam "V4 International"]
[WhiteTeamCountry "HUN"]
[BlackTeamCountry "POL"]

1. e4 e5 2. Nc3 Nf6 3. f4 d6 4. Nf3 exf4 5. d4 Bg4 6. Bxf4 a6 7. Bc4 Nc6 8. Qd2 Qd7 9. 0-0-0 0-0-0 10. d5 Ne5 11. Bxe5 Bxf3 12. Bxf6 gxf6 13. gxf3 f5 14. Qd4 fxe4 15. fxe4 Kb8 16. Kb1 Rg8 17. Rhg1 Bh6 18. Qf6 Rg6 19. Rxg6 hxg6 20. Rf1 Rf8 21. Qh4 Rh8 22. Qg3 Bg7 23. a3 Rh3 24. Rxf7 Rxg3 25. Rxd7 Rg1+ 26. Ka2 Bxc3 27. bxc3 Rg2 28. Kb3 Rxh2 29. Rg7 Rg2 30. Bf1 Rg3 31. Be2 Re3 32. Bd3 Rg3 33. e5 dxe5 34. Rxg6 Re3 35. Re6 Kc8 36. Bf5 Kd8 37. Kb2 Re1 38. c4 1-0

[Event "Liptovsky Mikulas CupT U20"]
[Site "Liptovsky Mikulas"]
[Date "2016.06.24"]
[Round "6.3"]
[White "Fortiak, Samuel"]
[Black "Batora, Matej"]
[Result "0-1"]
[WhiteElo "1503"]
[BlackElo "1897"]
[PlyCount "74"]
[EventDate "2016.06.21"]
[EventType "team-swiss"]
[EventRounds "8"]
[EventCountry "SVK"]
[SourceTitle "CBM 173 Extra"]
[Source "ChessBase"]
[SourceDate "2016.08.29"]
[SourceVersion "1"]
[SourceVersionDate "2016.08.29"]
[SourceQuality "1"]
[WhiteTeam "V4 International"]
[BlackTeam "Nitra Junior (U20)"]
[WhiteTeamCountry "POL"]
[BlackTeamCountry "SVK"]

1. e4 c5 2. Nf3 d6 3. d4 cxd4 4. Nxd4 Nf6 5. Nc3 a6 6. Bc4 e6 7. Bb3 b5 8. f3 Nbd7 9. Be3 Bb7 10. Bxe6 fxe6 11. Nxe6 Qb8 12. Bf4 Ne5 13. Bxe5 dxe5 14. Qd2 Ke7 15. Nc5 Kf7 16. Nd7 Qc7 17. Nxf8 Rhxf8 18. 0-0 Rad8 19. Qf2 b4 20. Na4 Kg8 21. Nc5 Nxe4 22. Nxe4 Bxe4 23. Qe2 Bb7 24. Rfe1 Rfe8 25. Rad1 Qc5+ 26. Qf2 Qxf2+ 27. Kxf2 Rxd1 28. Rxd1 Kf7 29. Rd7+ Re7 30. Rxe7+ Kxe7 31. Ke3 Kd6 32. c3 Bd5 33. b3 a5 34. cxb4 axb4 35. Kd2 Kc5 36. Ke3 Bf7 37. Kd2 Kd4 0-1

[Event "Liptovsky Mikulas CupT U20"]
[Site "Liptovsky Mikulas"]
[Date "2015.06.25"]
[Round "1.3"]
[White "Fortiak, Samuel"]
[Black "Kuna, Martin"]
[Result "0-1"]
[WhiteElo "1487"]
[BlackElo "1696"]
[PlyCount "76"]
[EventDate "2015.06.25"]
[EventType "team-swiss"]
[EventRounds "7"]
[EventCountry "SVK"]
[SourceTitle "CBM 167 Extra"]
[Source "ChessBase"]
[SourceDate "2015.09.14"]
[SourceVersion "1"]
[SourceVersionDate "2015.09.14"]
[SourceQuality "1"]
[WhiteTeam "Liptov Chess School (U18) II"]
[BlackTeam "Nitra Junior (U18)"]
[WhiteTeamCountry "SVK"]
[BlackTeamCountry "SVK"]

1. e4 c5 2. Nf3 Nc6 3. d4 cxd4 4. Nxd4 Nf6 5. Nc3 e5 6. Nxc6 bxc6 7. Bg5 Bc5 8. Na4 Qa5+ 9. c3 Bxf2+ 10. Kxf2 Nxe4+ 11. Ke1 Nxg5 12. b4 Qc7 13. h4 Ne6 14. Qd2 e4 15. Rd1 Qg3+ 16. Qf2 Qxf2+ 17. Kxf2 d5 18. Nc5 Nxc5 19. bxc5 0-0 20. Be2 Rb8 21. Rb1 Bf5 22. Ke3 Be6 23. a3 f5 24. g3 Kf7 25. Rb4 Rxb4 26. cxb4 Bd7 27. Ba6 Bc8 28. Be2 a6 29. a4 Ke6 30. Kd4 f4 31. Bg4+ Kf6 32. Bxc8 Rxc8 33. gxf4 Rb8 34. Rb1 g6 35. b5 axb5 36. axb5 Rxb5 37. Rxb5 cxb5 38. Kxd5 e3 0-1

[Event "SVK-ch U16"]
[Site "Tatralandia"]
[Date "2015.04.21"]
[Round "5"]
[White "Fortiak, Samuel"]
[Black "Ocko, Martin"]
[Result "1/2-1/2"]
[WhiteElo "1454"]
[BlackElo "2049"]
[PlyCount "77"]
[EventDate "2015.04.18"]
[EventType "swiss"]
[EventRounds "9"]
[EventCountry "SVK"]
[SourceTitle "CBM 166 Extra"]
[Source "ChessBase"]
[SourceDate "2015.06.18"]
[SourceVersion "1"]
[SourceVersionDate "2015.06.18"]
[SourceQuality "1"]

1. e4 c5 2. Nf3 a6 3. a4 Nc6 4. b3 d6 5. Bb2 Nf6 6. Nc3 g6 7. Nd5 Bg7 8. Nxf6+ exf6 9. Bc4 0-0 10. 0-0 f5 11. Bxg7 Kxg7 12. d3 Qf6 13. Qd2 f4 14. h3 g5 15. Nh2 h5 16. f3 Rh8 17. c3 Bd7 18. Bd5 Rac8 19. Rac1 b6 20. Bxc6 Bxc6 21. d4 c4 22. bxc4 Bxa4 23. Qa2 b5 24. cxb5 Bxb5 25. Rfe1 Rc4 26. e5 dxe5 27. Rxe5 Rhc8 28. Qa3 Kh6 29. Rd5 Ra4 30. Qd6 Qxd6 31. Rxd6+ Kg7 32. Rd5 f6 33. h4 gxh4 34. Rxh5 Rxd4 35. Nf1 Kg6 36. Rxh4 Bxf1 37. Ra1 Rxc3 38. Kxf1 Rd6 39. Rxf4 1/2-1/2